| 000 | 01124pam a2200349 a 4500 | ||
|---|---|---|---|
| 001 | 2842148 | ||
| 003 | OSt | ||
| 005 | 20140310184341.0 | ||
| 008 | 840821r19841968nyua j 000 1 eng | ||
| 010 | _a 84019847 | ||
| 020 | _a0020435207 (pbk.) | ||
| 040 |
_aDLC _cDLC _dDLC |
||
| 042 | _alcac | ||
| 050 | 0 | 0 |
_aPZ 7 _b.H1828 1968 |
| 100 | 1 |
_aHamilton, Virginia, _d1936-2002. _924584 |
|
| 245 | 1 | 4 |
_aThe house of Dies Drear / _cVirginia Hamilton. |
| 260 |
_aNew York : _bCollier Books, _c1968. |
||
| 300 |
_a279 p. : _bill. ; _c18 cm. |
||
| 521 | _aG4 | ||
| 526 | _c670 | ||
| 650 | 0 |
_aAfrican Americans _vJuvenile fiction. _924585 |
|
| 650 | 1 |
_aAfrican Americans _vFiction. _924586 |
|
| 650 | 1 |
_aMystery and detective stories. _93790 |
|
| 650 | 1 |
_aUnderground Railroad _vFiction. _924587 |
|
| 651 | 1 |
_aOhio _xHistory _y20th century _vFiction. _924588 |
|
| 856 | 4 | 2 |
_3Contributor biographical information _uhttp://www.loc.gov/catdir/bios/simon051/84019847.html |
| 906 |
_a7 _bcbc _corignew _d1 _eocip _f19 _gy-gencatlg |
||
| 942 |
_2lcc _cBK-SCHOLAS |
||
| 999 |
_c33833 _d33833 |
||